000 00995nam a2200241 i 4500
001 15055
003 ES-MaACL
005 20250925063029.0
007 t|
008 991213s1985 sp ||||1| spa d
020 _a84-00-05961-1
080 _a970/980(093.2)
080 _a347.992(463.01)"14"
100 1 _aRumeu de Armas, Antonio,
_d1912-2006
_9100991
245 1 0 _aNueva luz sobre las capitulaciones de Santa Fe de 1492 concertadas entre los Reyes Católicos y Cristobal Colón
_b: estudio institucional y diplomático /
_cAntonio Rumeu de Armas.
260 _a[Madrid] :
_bConsejo Superior de Investigaciones Científicas,
_c1985.
300 _a276 p. :
_bil. ;
_c24 cm.
610 2 7 _aCastilla (Reino).
_bCancillería-
_yS.XV.
_92496
651 4 _aAmérica-
_xDescubrimientos y exploraciones-
_xEspañoles-
_vFuentes.
_9162837
710 2 _aConsejo Superior de Investigaciones Científicas (España)
_93236
852 _aES-MaACL
_jL-15674
_bR.117104
999 _c15055
_d15055